00395pam a2200157 a 4500020000500000040002300005041001300028082001700041100001700058245005800075250001400133260004500147300001400192365001200206653001900218 c aDental College Lib aengheng a617.632bCOH aCohen, E S . aAtlas of Periodontal Surgery / c.hTextual Documents a1st / b. aPhiladelphia : blea & Febiger , c1988. a260 ; c. a2007.50 aPeriodontology